| 000 | 00704nam a22002172 4500 | ||
|---|---|---|---|
| 001 | 0000020716 | ||
| 005 | 20151217155908.0 | ||
| 008 | 111005s xx 000 0 eng d | ||
| 020 | _a997697373x : | ||
| 040 |
_aKABU _cKABU |
||
| 100 | 1 |
_aDepelchin, Jacques. _@0000181238 |
|
| 245 | 1 | 0 |
_aSilences in African history : _bbetween the syndromes of discovery and abolition / _cJacques Depelchin. |
| 250 | _a1st ed. | ||
| 260 |
_aDar Es Salaam : _bMkuki na Nyota, _c2004. |
||
| 300 | _axix, 256 p. | ||
| 651 | 0 |
_aAfrica _xHistoriography. _@0000148929 |
|
| 651 | 0 |
_aAfrica _xHistory. _@0000148935 |
|
| 852 | 1 | _9p1500 KES | |
| 908 | _a111005 | ||
| 950 | _@1 | ||
| 999 |
_c13798 _d13798 |
||